[Event "TNMH"]
[Site "Universidade de Aveiro"]
[Date "2023.12.18"]
[Round "1.1"]
[White "Ribeiro, Gustavo"]
[Black "Dias, Ricardo"]
[Result "1-0"]
[BlackElo "2189"]
[WhiteElo "2187"]
[LiveChessVersion "1.4.8"]

1. e4 {[%clk 1:30:57]} e5 {[%clk 1:30:27]} 2. Nf3 {[%clk 1:31:20]} Nc6
{[%clk 1:30:52]} 3. Bc4 {[%clk 1:31:44]} Bc5 {[%clk 1:31:13]} 4. O-O
{[%clk 1:32:05]} Nf6 {[%clk 1:31:33]} 5. d3 {[%clk 1:32:08]} a6 {[%clk 1:30:47]}
6. a4 {[%clk 1:32:20]} Ba7 {[%clk 1:31:01]} 7. c3 {[%clk 1:32:39]} h6
{[%clk 1:30:10]} 8. Re1 {[%clk 1:32:41]} O-O {[%clk 1:30:15]} 9. Nbd2
{[%clk 1:32:43]} d6 {[%clk 1:30:33]} 10. Nf1 {[%clk 1:33:03]} Re8
{[%clk 1:27:55]} 11. Ng3 {[%clk 1:33:13]} Be6 {[%clk 1:27:35]} 12. Be3
{[%clk 1:32:04]} Bxe3 {[%clk 1:12:16]} 13. Rxe3 {[%clk 1:32:25]} d5
{[%clk 1:12:12]} 14. exd5 {[%clk 1:32:23]} Nxd5 {[%clk 1:08:20]} 15. Re1
{[%clk 1:32:19]} Nf4 {[%clk 1:05:07]} 16. Nxe5 {[%clk 1:26:56]} Nxe5
{[%clk 1:04:58]} 17. Rxe5 {[%clk 1:27:15]} Bxc4 {[%clk 1:05:03]} 18. Rxe8+
{[%clk 1:27:40]} Qxe8 {[%clk 1:05:27]} 19. dxc4 {[%clk 1:28:08]} Qc6
{[%clk 1:05:07]} 20. Qf1 {[%clk 1:27:05]} Rd8 {[%clk 1:03:05]} 21. Ne2
{[%clk 1:27:09]} Qxc4 {[%clk 1:01:26]} 22. Nxf4 {[%clk 1:27:33]} Qxf4
{[%clk 1:01:52]} 23. Rd1 {[%clk 1:27:58]} Rd2 {[%clk 1:00:41]} 24. g3
{[%clk 1:27:39]} Qd6 {[%clk 1:00:56]} 25. Rxd2 {[%clk 1:27:54]} Qxd2
{[%clk 1:01:24]} 26. Qb1 {[%clk 1:28:22]} g6 {[%clk 0:59:33]} 27. Qe4
{[%clk 1:25:03]} Qxb2 {[%clk 0:58:07]} 28. Qe8+ {[%clk 1:25:26]} Kg7
{[%clk 0:58:32]} 29. Qe5+ {[%clk 1:25:54]} Kh7 {[%clk 0:58:54]} 30. Qxc7
{[%clk 1:26:14]} Qb1+ {[%clk 0:59:09]} 31. Kg2 {[%clk 1:26:39]} Qe4+
{[%clk 0:59:16]} 32. Kg1 {[%clk 1:26:57]} Kg7 {[%clk 0:59:25]} 33. a5
{[%clk 1:27:11]} g5 {[%clk 0:56:50]} 34. Kf1 {[%clk 1:26:34]} g4 {[%clk 0:52:52]}
35. Qf4 {[%clk 1:25:19]} Qd3+ {[%clk 0:48:32]} 36. Kg2 {[%clk 1:25:08]} Qd5+
{[%clk 0:48:54]} 37. Kf1 {[%clk 1:25:34]} Qxa5 {[%clk 0:48:45]} 38. Qxg4+
{[%clk 1:25:56]} Qg5 {[%clk 0:45:04]} 39. Qd4+ {[%clk 1:25:14]} Qf6
{[%clk 0:45:17]} 40. Qg4+ {[%clk 1:25:40]} Qg6 {[%clk 0:45:37]} 41. Qd4+
{[%clk 1:26:08]} Kh7 {[%clk 0:45:51]} 42. Ke2 {[%clk 1:25:19]} a5
{[%clk 0:43:19]} 43. Kd2 {[%clk 1:23:45]} b6 {[%clk 0:34:49]} 44. h4
{[%clk 1:19:57]} Qc6 {[%clk 0:33:08]} 45. Qd3+ {[%clk 1:20:18]} Kg7
{[%clk 0:33:18]} 46. Qd4+ {[%clk 1:20:38]} Qf6 {[%clk 0:31:01]} 47. g4
{[%clk 1:19:58]} b5 {[%clk 0:24:47]} 48. f4 {[%clk 1:17:39]} b4 {[%clk 0:18:30]}
49. Qxf6+ {[%clk 1:18:00]} Kxf6 {[%clk 0:18:58]} 50. g5+ {[%clk 1:18:05]} hxg5
{[%clk 0:08:47]} 51. fxg5+ {[%clk 1:18:31]} Kf5 {[%clk 0:09:03]} 52. c4
{[%clk 1:18:58]} 1-0

[Event "TNMH"]
[Site "Universidade de Aveiro"]
[Date "2023.12.18"]
[Round "1.2"]
[White "Veiga, Jose"]
[Black "Farias, David"]
[Result "1-0"]
[BlackElo "2133"]
[WhiteElo "2357"]
[LiveChessVersion "1.4.8"]

1. e4 {[%clk 1:23:29]} c5 {[%clk 1:30:38]} 2. Nf3 {[%clk 1:23:47]} d6
{[%clk 1:30:54]} 3. c3 {[%clk 1:23:33]} Nf6 {[%clk 1:30:37]} 4. Bd3
{[%clk 1:23:16]} Nc6 {[%clk 1:20:11]} 5. Bc2 {[%clk 1:23:28]} e5 {[%clk 1:19:30]}
6. O-O {[%clk 1:18:23]} Be7 7. h3 {[%clk 1:18:09]} Qc7 {[%clk 1:11:01]} 8. Re1
{[%clk 1:17:22]} O-O {[%clk 1:11:11]} 9. d3 {[%clk 1:17:16]} Be6 {[%clk 1:05:39]}
10. Nbd2 {[%clk 1:17:11]} h6 {[%clk 1:02:07]} 11. Nf1 {[%clk 1:17:24]} Rfe8
{[%clk 0:58:34]} 12. Ng3 {[%clk 1:14:17]} Bf8 {[%clk 0:48:43]} 13. Nh2
{[%clk 1:12:33]} d5 {[%clk 0:44:23]} 14. Qf3 {[%clk 1:12:52]} Qd8
{[%clk 0:42:31]} 15. Ng4 {[%clk 1:03:27]} Nxg4 {[%clk 0:34:38]} 16. hxg4
{[%clk 1:03:24]} d4 {[%clk 0:33:55]} 17. Nf5 {[%clk 0:58:45]} Be7
{[%clk 0:32:42]} 18. g3 {[%clk 0:54:10]} Bg5 {[%clk 0:32:00]} 19. Kg2
{[%clk 0:54:31]} Bxc1 {[%clk 0:25:24]} 20. Rexc1 {[%clk 0:53:12]} dxc3
{[%clk 0:19:45]} 21. bxc3 {[%clk 0:53:34]} b5 {[%clk 0:19:20]} 22. Qe3
{[%clk 0:51:08]} Bxf5 {[%clk 0:12:39]} 23. gxf5 {[%clk 0:51:23]} Qd6
{[%clk 0:12:46]} 24. f6 {[%clk 0:44:57]} Rac8 {[%clk 0:09:23]} 25. fxg7
{[%clk 0:44:28]} b4 {[%clk 0:07:13]} 26. Ba4 {[%clk 0:43:29]} Red8
{[%clk 0:06:46]} 27. Bxc6 {[%clk 0:43:36]} Rxc6 {[%clk 0:07:13]} 28. cxb4
{[%clk 0:43:59]} cxb4 {[%clk 0:04:11]} 29. Rxc6 {[%clk 0:42:31]} Qxc6 30. Qxa7
{[%clk 0:41:30]} Kxg7 {[%clk 0:04:17]} 31. Qe7 {[%clk 0:39:16]} Qc3
{[%clk 0:01:56]} 32. Rb1 {[%clk 0:38:31]} Rxd3 {[%clk 0:00:50]} 33. Rb3
{[%clk 0:38:18]} Qd4 {[%clk 0:00:58]} 34. Rxb4 {[%clk 0:37:47]} Qa1
{[%clk 0:00:33]} 35. Rb7 {[%clk 0:37:35]} Qxa2 {[%clk 0:00:35]} 36. Qxe5+
{[%clk 0:37:58]} Kg6 {[%clk 0:00:33]} 37. Rb6+ {[%clk 0:37:53]} Kh7
{[%clk 0:00:58]} 38. Qf5+ {[%clk 0:38:17]} Kg8 {[%clk 0:01:04]} 39. Rb8+
{[%clk 0:38:31]} Kg7 {[%clk 0:01:33]} 40. Qe5+ {[%clk 0:38:40]} f6
{[%clk 0:01:58]} 41. Rb7+ {[%clk 0:39:06]} Kg8 1-0

[Event "TNMH"]
[Site "Universidade de Aveiro"]
[Date "2023.12.18"]
[Round "1.3"]
[White "Martins, Bruno"]
[Black "Reis, Luis"]
[Result "0-1"]
[BlackElo "2157"]
[WhiteElo "2334"]
[LiveChessVersion "1.4.8"]

1. e4 {[%clk 1:30:57]} Nc6 {[%clk 1:30:27]} 2. Nf3 {[%clk 1:30:54]} e5
{[%clk 1:30:05]} 3. d4 {[%clk 1:31:07]} exd4 {[%clk 1:29:55]} 4. Nxd4
{[%clk 1:31:27]} Bc5 {[%clk 1:28:43]} 5. Nxc6 {[%clk 1:31:27]} Qf6
{[%clk 1:25:19]} 6. Qf3 {[%clk 1:31:49]} bxc6 {[%clk 1:20:13]} 7. Nd2
{[%clk 1:31:04]} d6 {[%clk 1:17:04]} 8. Nb3 {[%clk 1:31:01]} Bb6 {[%clk 1:16:52]}
9. a4 {[%clk 1:26:34]} a5 {[%clk 1:13:44]} 10. Bd2 {[%clk 1:21:56]} Qxf3
{[%clk 0:57:11]} 11. gxf3 {[%clk 1:22:08]} Ne7 {[%clk 0:57:21]} 12. Be3
{[%clk 1:03:54]} Bxe3 {[%clk 0:44:17]} 13. fxe3 {[%clk 1:04:08]} O-O
{[%clk 0:44:23]} 14. O-O-O {[%clk 1:02:12]} f5 {[%clk 0:38:39]} 15. e5
{[%clk 1:02:23]} dxe5 {[%clk 0:37:43]} 16. Bc4+ {[%clk 0:36:59]} Kh8
{[%clk 0:38:09]} 17. Nc5 {[%clk 0:37:17]} f4 {[%clk 0:35:15]} 18. e4
{[%clk 0:17:29]} Bh3 {[%clk 0:32:48]} 19. Nd7 {[%clk 0:17:29]} Bg2
{[%clk 0:28:52]} 20. Nxf8 {[%clk 0:14:49]} Bxh1 {[%clk 0:23:04]} 21. Rxh1
{[%clk 0:14:30]} Rxf8 {[%clk 0:23:32]} 22. Rd1 {[%clk 0:14:45]} Nc8
{[%clk 0:23:44]} 23. Rd3 {[%clk 0:09:08]} Nd6 {[%clk 0:20:58]} 24. Ba2
{[%clk 0:09:08]} g5 {[%clk 0:19:50]} 25. Be6 {[%clk 0:06:45]} h5 {[%clk 0:17:40]}
26. h3 {[%clk 0:07:04]} Kg7 {[%clk 0:13:42]} 27. Rc3 {[%clk 0:03:32]} Kf6
{[%clk 0:11:41]} 28. Bd7 {[%clk 0:03:54]} Ke7 {[%clk 0:09:28]} 29. Bxc6
{[%clk 0:04:18]} g4 {[%clk 0:09:45]} 30. hxg4 {[%clk 0:04:43]} hxg4
{[%clk 0:10:04]} 31. Kd1 {[%clk 0:01:52]} g3 {[%clk 0:06:43]} 32. Ke2
{[%clk 0:02:08]} Rh8 {[%clk 0:06:43]} 33. Kf1 {[%clk 0:02:08]} Rh1+
{[%clk 0:06:55]} 34. Kg2 {[%clk 0:02:32]} Rb1 {[%clk 0:06:03]} 35. Rc5
{[%clk 0:00:38]} Nf7 {[%clk 0:02:23]} 36. Bd5 {[%clk 0:00:56]} Nh8
{[%clk 0:01:03]} 37. Rxc7+ {[%clk 0:00:53]} Kf6 {[%clk 0:01:18]} 38. Rh7
{[%clk 0:00:43]} Ng6 {[%clk 0:01:21]} 39. Rh5 {[%clk 0:00:35]} Rxb2
{[%clk 0:01:31]} 40. Bb3 {[%clk 0:00:35]} Rb1 {[%clk 0:01:43]} 41. Bd5
{[%clk 0:00:32]} Ra1 {[%clk 0:01:19]} 42. c4 {[%clk 0:00:44]} Ra2+
{[%clk 0:01:12]} 43. Kg1 {[%clk 0:01:03]} Rxa4 {[%clk 0:01:41]} 44. c5
{[%clk 0:01:03]} Ra1+ {[%clk 0:01:51]} 45. Kg2 {[%clk 0:01:32]} Rc1
{[%clk 0:02:11]} 46. c6 {[%clk 0:01:49]} a4 {[%clk 0:01:54]} 47. Rf5+
{[%clk 0:00:36]} Kg7 {[%clk 0:01:54]} 48. Rf7+ {[%clk 0:00:41]} Kh6
{[%clk 0:02:14]} 49. Rf6 {[%clk 0:00:57]} Kg7 {[%clk 0:01:29]} 50. Rf7+
{[%clk 0:01:26]} Kh8 {[%clk 0:01:34]} 51. c7 {[%clk 0:00:36]} Nh4+
{[%clk 0:00:54]} 52. Kh3 {[%clk 0:00:33]} g2 {[%clk 0:01:22]} 53. Rf8+
{[%clk 0:00:31]} Kh7 {[%clk 0:00:36]} 54. Kxh4 Rxc7 55. Rf5 0-1

[Event "TNMH"]
[Site "Universidade de Aveiro"]
[Date "2023.12.18"]
[Round "1.5"]
[White "Ferreira, Luis"]
[Black "Ribeiro, Fernando"]
[Result "1/2-1/2"]
[BlackElo "2186"]
[WhiteElo "2193"]
[LiveChessVersion "1.4.8"]

1. e4 {[%clk 1:30:57]} c5 {[%clk 1:29:08]} 2. Nc3 {[%clk 1:31:15]} Nc6
{[%clk 1:29:22]} 3. g3 {[%clk 1:31:38]} Rb8 4. Bg2 b5 {[%clk 1:27:12]} 5. d3
{[%clk 1:30:41]} b4 {[%clk 1:26:36]} 6. Nd5 {[%clk 1:28:03]} d6 {[%clk 1:25:16]}
7. Nf3 {[%clk 1:27:03]} e6 8. Ne3 Be7 9. O-O Nf6 10. Re1 O-O {[%clk 1:10:00]} 11.
Nc4 {[%clk 1:23:33]} e5 {[%clk 1:04:16]} 12. Nh4 {[%clk 1:20:45]} Bg4
{[%clk 1:02:16]} 13. f3 {[%clk 1:19:00]} Be6 {[%clk 1:02:40]} 14. Nf5
{[%clk 1:18:49]} Ne8 {[%clk 0:31:37]} 15. Nxe7+ {[%clk 1:00:06]} Qxe7
{[%clk 0:31:52]} 16. f4 {[%clk 1:00:25]} f6 {[%clk 0:32:09]} 17. Ne3
{[%clk 0:41:53]} Nc7 {[%clk 0:31:09]} 18. f5 {[%clk 0:34:35]} Bf7
{[%clk 0:31:28]} 19. g4 {[%clk 0:34:57]} Qd7 {[%clk 0:27:22]} 20. h4
{[%clk 0:29:40]} d5 {[%clk 0:27:41]} 21. g5 {[%clk 0:30:05]} dxe4
{[%clk 0:27:56]} 22. Bxe4 {[%clk 0:29:00]} fxg5 {[%clk 0:27:37]} 23. hxg5
{[%clk 0:29:18]} Nd5 {[%clk 0:23:13]} 24. g6 {[%clk 0:26:28]} hxg6
{[%clk 0:15:55]} 25. fxg6 {[%clk 0:26:53]} Nf4 {[%clk 0:16:15]} 26. gxf7+
{[%clk 0:25:59]} Rxf7 {[%clk 0:16:39]} 27. Qg4 {[%clk 0:23:16]} Qxg4+
{[%clk 0:15:02]} 28. Nxg4 {[%clk 0:23:40]} Nd4 {[%clk 0:15:21]} 29. Bxf4
{[%clk 0:22:25]} Rxf4 {[%clk 0:15:44]} 30. Ne3 {[%clk 0:20:15]} Rbf8
{[%clk 0:15:56]} 31. Rf1 {[%clk 0:20:33]} g5 {[%clk 0:13:19]} 32. Kg2
{[%clk 0:19:14]} Kg7 {[%clk 0:13:17]} 33. Rae1 {[%clk 0:17:03]} Rh8
{[%clk 0:10:55]} 34. Nf5+ {[%clk 0:15:00]} Kf6 {[%clk 0:08:33]} 35. Nxd4
{[%clk 0:14:27]} cxd4 {[%clk 0:08:55]} 36. Rxf4+ {[%clk 0:14:21]} exf4
{[%clk 0:09:07]} 37. Rh1 {[%clk 0:14:19]} Rxh1 {[%clk 0:07:47]} 38. Kxh1
{[%clk 0:14:46]} g4 {[%clk 0:07:51]} 39. Kg2 {[%clk 0:15:11]} Kg5
{[%clk 0:07:16]} 40. a3 {[%clk 0:15:14]} a5 {[%clk 0:07:25]} 41. axb4
{[%clk 0:14:53]} axb4 {[%clk 0:07:54]} 42. Bc6 {[%clk 0:13:47]} Kh4
{[%clk 0:07:39]} 43. Bd7 {[%clk 0:13:19]} Kg5 {[%clk 0:07:39]} 44. Kf2
{[%clk 0:13:39]} Kh4 {[%clk 0:08:01]} 45. Be6 {[%clk 0:12:21]} Kg5
{[%clk 0:08:10]} 46. Ke2 {[%clk 0:09:47]} f3+ {[%clk 0:07:58]} 47. Kf1
{[%clk 0:05:43]} Kf4 {[%clk 0:07:19]} 48. b3 {[%clk 0:06:09]} g3 {[%clk 0:07:35]}
49. Kg1 {[%clk 0:03:55]} Ke3 {[%clk 0:07:50]} 50. Bg4 {[%clk 0:04:19]} Ke2
{[%clk 0:05:41]} 51. Bh5 {[%clk 0:04:40]} Kd2 {[%clk 0:05:15]} 52. Bxf3
{[%clk 0:04:48]} Kxc2 {[%clk 0:05:41]} 53. Kg2 {[%clk 0:00:47]} Kxb3
{[%clk 0:05:43]} 54. Kxg3 {[%clk 0:01:12]} Kc2 {[%clk 0:06:00]} 55. Kf4
{[%clk 0:00:45]} Kxd3 {[%clk 0:06:05]} 56. Bd5 {[%clk 0:00:32]} Kc3
{[%clk 0:06:06]} 57. Be4 {[%clk 0:00:32]} b3 {[%clk 0:05:57]} 58. Kf3
{[%clk 0:00:52]} Kd2 {[%clk 0:05:32]} 59. Bb1 {[%clk 0:01:19]} b2
{[%clk 0:04:20]} 60. Ke4 {[%clk 0:01:44]} Kc3 {[%clk 0:04:35]} 61. Bd3
{[%clk 0:02:10]} 1/2-1/2

[Event "TNMH"]
[Site "Universidade de Aveiro"]
[Date "2023.12.18"]
[Round "1.6"]
[White "Meuter, Alain"]
[Black "Matos, Joao"]
[Result "1-0"]
[BlackElo "1636"]
[WhiteElo "1392"]
[LiveChessVersion "1.4.8"]

1. e4 {[%clk 1:30:26]} c6 {[%clk 1:30:44]} 2. Nc3 {[%clk 1:30:45]} d5
{[%clk 1:30:46]} 3. Nf3 {[%clk 1:30:51]} dxe4 {[%clk 1:30:39]} 4. Nxe4
{[%clk 1:31:10]} Nf6 {[%clk 1:30:53]} 5. Nxf6+ {[%clk 1:30:28]} exf6
{[%clk 1:31:08]} 6. Be2 {[%clk 1:28:35]} Bd6 {[%clk 1:30:35]} 7. O-O
{[%clk 1:28:34]} O-O {[%clk 1:30:43]} 8. d4 {[%clk 1:26:57]} Bg4 {[%clk 1:30:35]}
9. Be3 {[%clk 1:19:44]} Re8 {[%clk 1:28:10]} 10. h3 {[%clk 1:16:29]} Bh5
{[%clk 1:28:06]} 11. Nh4 {[%clk 1:13:38]} Bg6 {[%clk 1:22:48]} 12. Nxg6
{[%clk 1:00:38]} hxg6 {[%clk 1:23:05]} 13. Qd2 {[%clk 0:55:23]} Nd7
{[%clk 1:18:38]} 14. c4 {[%clk 0:55:18]} Nf8 {[%clk 1:13:36]} 15. b4
{[%clk 0:47:39]} Bc7 {[%clk 1:11:04]} 16. Bf3 {[%clk 0:43:27]} Qd6
{[%clk 1:00:14]} 17. g3 {[%clk 0:41:34]} Qe6 {[%clk 0:59:40]} 18. d5
{[%clk 0:35:31]} cxd5 {[%clk 0:56:42]} 19. Bxd5 {[%clk 0:26:07]} Qxh3
{[%clk 0:52:34]} 20. Bg2 {[%clk 0:25:25]} Qg4 {[%clk 0:48:38]} 21. Qd4
{[%clk 0:24:23]} Qxd4 {[%clk 0:42:16]} 22. Bxd4 {[%clk 0:24:51]} Ne6
{[%clk 0:40:55]} 23. Rad1 {[%clk 0:20:30]} Nxd4 {[%clk 0:37:51]} 24. Rxd4
{[%clk 0:20:54]} Rad8 {[%clk 0:35:55]} 25. Rfd1 {[%clk 0:17:52]} b6
{[%clk 0:35:46]} 26. Bd5 {[%clk 0:16:40]} g5 {[%clk 0:31:31]} 27. Kg2
{[%clk 0:15:34]} g6 {[%clk 0:31:25]} 28. Kf3 {[%clk 0:15:39]} Kg7
{[%clk 0:31:34]} 29. Bc6 {[%clk 0:13:58]} Rxd4 {[%clk 0:29:37]} 30. Rxd4
{[%clk 0:14:27]} Rd8 {[%clk 0:27:49]} 31. Rxd8 {[%clk 0:13:26]} Bxd8
{[%clk 0:28:17]} 32. Ke4 {[%clk 0:13:00]} f5+ {[%clk 0:28:14]} 33. Kd5
{[%clk 0:13:10]} Bc7 {[%clk 0:27:54]} 34. Bd7 {[%clk 0:13:13]} f4
{[%clk 0:27:27]} 35. gxf4 {[%clk 0:12:58]} Bxf4 {[%clk 0:26:26]} 36. Kc6
{[%clk 0:13:14]} Bd2 {[%clk 0:26:19]} 37. b5 {[%clk 0:13:42]} Be1
{[%clk 0:25:56]} 38. f3 {[%clk 0:13:54]} f5 {[%clk 0:25:24]} 39. Kb7
{[%clk 0:14:05]} Bf2 {[%clk 0:25:08]} 40. Kxa7 {[%clk 0:14:12]} Kf6
{[%clk 0:24:52]} 41. Kb7 {[%clk 0:14:06]} Ke5 {[%clk 0:25:05]} 42. Bc6
{[%clk 0:12:15]} Kf4 {[%clk 0:24:58]} 43. a4 {[%clk 0:11:52]} g4 {[%clk 0:25:07]}
44. fxg4 {[%clk 0:12:18]} fxg4 {[%clk 0:23:26]} 45. Ka6 {[%clk 0:12:12]} g3
{[%clk 0:22:40]} 46. a5 {[%clk 0:12:17]} bxa5 {[%clk 0:23:01]} 47. Kxa5
{[%clk 0:12:13]} Bd4 {[%clk 0:21:32]} 48. b6 {[%clk 0:12:11]} Be5
{[%clk 0:21:19]} 49. c5 {[%clk 0:11:26]} Ke3 {[%clk 0:21:23]} 50. Bh1
{[%clk 0:11:22]} Kf2 {[%clk 0:19:42]} 51. c6 {[%clk 0:11:19]} g2 {[%clk 0:19:34]}
52. Bxg2 {[%clk 0:11:30]} Kxg2 {[%clk 0:19:27]} 53. c7 {[%clk 0:11:50]} Bxc7
{[%clk 0:17:51]} 54. bxc7 {[%clk 0:12:17]} g5 {[%clk 0:18:10]} 55. c8=Q
{[%clk 0:12:33]} Kf3 {[%clk 0:18:20]} 56. Qh3+ {[%clk 0:12:59]} Kf4
{[%clk 0:18:35]} 57. Kb5 {[%clk 0:13:08]} g4 {[%clk 0:18:56]} 58. Qg2
{[%clk 0:13:16]} g3 {[%clk 0:19:20]} 59. Kc5 {[%clk 0:13:32]} 1-0

[Event "TNMH"]
[Site "Universidade de Aveiro"]
[Date "2023.12.18"]
[Round "1.7"]
[White "Marques, Pedro"]
[Black "Justino, Francisco"]
[Result "1-0"]
[BlackElo "1392"]
[WhiteElo "1751"]
[LiveChessVersion "1.4.8"]

1. f4 {[%clk 1:28:35]} d5 {[%clk 1:30:47]} 2. Nf3 {[%clk 1:28:43]} Nf6
{[%clk 1:28:56]} 3. b3 {[%clk 1:26:38]} c5 {[%clk 1:13:54]} 4. e3
{[%clk 1:26:14]} Nc6 {[%clk 1:13:24]} 5. Bb5 {[%clk 1:25:52]} e6 {[%clk 1:12:14]}
6. Bb2 {[%clk 1:19:22]} Be7 {[%clk 1:07:40]} 7. O-O {[%clk 1:17:05]} O-O
{[%clk 1:07:30]} 8. Bxc6 {[%clk 1:12:20]} bxc6 {[%clk 1:07:52]} 9. Ne5
{[%clk 1:11:13]} Bb7 {[%clk 1:03:43]} 10. d3 {[%clk 1:09:23]} d4 {[%clk 0:57:24]}
11. e4 {[%clk 1:08:10]} Qc7 {[%clk 0:48:05]} 12. Nd2 {[%clk 1:06:43]} Nd7
{[%clk 0:28:18]} 13. Ndc4 {[%clk 1:03:09]} Nxe5 {[%clk 0:28:18]} 14. Nxe5
{[%clk 0:57:49]} f6 {[%clk 0:27:41]} 15. Nc4 {[%clk 0:56:19]} e5 {[%clk 0:26:44]}
16. Bc1 {[%clk 0:51:15]} Rad8 {[%clk 0:24:54]} 17. Bd2 {[%clk 0:51:16]} Qb8
{[%clk 0:22:48]} 18. Qh5 {[%clk 0:47:29]} Bd6 {[%clk 0:20:30]} 19. Rf3
{[%clk 0:44:10]} Ba6 {[%clk 0:14:29]} 20. Rh3 {[%clk 0:42:05]} h6
{[%clk 0:13:33]} 21. Na5 {[%clk 0:34:11]} Qc7 {[%clk 0:13:24]} 22. Qg4
{[%clk 0:27:35]} exf4 {[%clk 0:10:10]} 23. Rxh6 {[%clk 0:26:00]} g5
{[%clk 0:10:33]} 24. Qh5 {[%clk 0:22:16]} Rd7 {[%clk 0:05:21]} 25. Rh8+
{[%clk 0:22:17]} Kg7 {[%clk 0:05:47]} 26. Qh7# 1-0

[Event "TNMH"]
[Site "Universidade de Aveiro"]
[Date "2023.12.18"]
[Round "1.8"]
[White "Tribuzi, Carlos"]
[Black "Ermida, Ricardo"]
[Result "1/2-1/2"]
[BlackElo "1700"]
[WhiteElo "1526"]
[LiveChessVersion "1.4.8"]

1. e4 {[%clk 1:30:56]} c6 {[%clk 1:30:44]} 2. d4 {[%clk 1:31:16]} d5
{[%clk 1:31:06]} 3. exd5 {[%clk 1:31:35]} cxd5 {[%clk 1:31:27]} 4. Bd3
{[%clk 1:31:38]} Nf6 {[%clk 1:31:28]} 5. c3 {[%clk 1:31:19]} Bg4 {[%clk 1:31:39]}
6. Qb3 {[%clk 1:30:47]} Qc7 {[%clk 1:31:45]} 7. Bg5 {[%clk 1:23:15]} e6
{[%clk 1:31:23]} 8. Nd2 {[%clk 1:22:19]} Bd6 {[%clk 1:27:27]} 9. Ngf3
{[%clk 1:21:10]} Nc6 {[%clk 1:26:02]} 10. h3 {[%clk 1:20:08]} Bh5
{[%clk 1:26:10]} 11. O-O {[%clk 1:02:04]} O-O {[%clk 1:25:37]} 12. Rfe1
{[%clk 0:59:25]} Bg6 {[%clk 1:20:38]} 13. Bxg6 {[%clk 0:58:16]} hxg6
{[%clk 1:20:59]} 14. Re2 {[%clk 0:56:32]} a6 {[%clk 1:17:54]} 15. Rae1
{[%clk 0:54:27]} Nd7 {[%clk 1:16:05]} 16. Nf1 {[%clk 0:50:58]} b5
{[%clk 1:14:47]} 17. Bh4 {[%clk 0:47:47]} Na5 {[%clk 1:05:12]} 18. Qc2
{[%clk 0:45:38]} Rac8 {[%clk 1:04:33]} 19. a3 {[%clk 0:38:40]} Nb7
{[%clk 1:01:44]} 20. Bg3 {[%clk 0:38:17]} a5 {[%clk 0:59:47]} 21. Bxd6
{[%clk 0:34:24]} Nxd6 {[%clk 0:59:57]} 22. Ne5 {[%clk 0:33:25]} Nxe5
{[%clk 0:58:40]} 23. dxe5 {[%clk 0:32:39]} Nf5 {[%clk 0:55:03]} 24. Qb3
{[%clk 0:30:55]} Qc4 {[%clk 0:51:54]} 25. Nd2 {[%clk 0:30:38]} Qc5
{[%clk 0:45:29]} 26. Kf1 {[%clk 0:27:39]} Rb8 {[%clk 0:43:44]} 27. Nf3
{[%clk 0:26:26]} Rfc8 {[%clk 0:39:42]} 28. g4 {[%clk 0:23:33]} Ne7
{[%clk 0:39:51]} 29. Kg2 {[%clk 0:23:13]} Qc4 {[%clk 0:34:55]} 30. Nd2
{[%clk 0:22:28]} Qf4 {[%clk 0:34:18]} 31. Re3 {[%clk 0:21:53]} Nc6
{[%clk 0:32:48]} 32. Qd1 {[%clk 0:18:29]} Qa4 {[%clk 0:27:14]} 33. Qb3
{[%clk 0:18:18]} Qxb3 {[%clk 0:23:20]} 34. Nxb3 {[%clk 0:18:39]} a4
{[%clk 0:22:06]} 35. Nd4 {[%clk 0:17:35]} Nxd4 {[%clk 0:22:07]} 36. cxd4
{[%clk 0:18:01]} Rc4 {[%clk 0:20:05]} 37. Rd1 {[%clk 0:16:39]} Rc2
{[%clk 0:17:21]} 38. b3 {[%clk 0:14:52]} Rbc8 {[%clk 0:13:38]} 39. bxa4
{[%clk 0:12:17]} bxa4 {[%clk 0:13:58]} 40. Rb1 {[%clk 0:12:03]} g5
{[%clk 0:13:13]} 41. Rb7 {[%clk 0:08:16]} g6 {[%clk 0:11:54]} 42. Rf3
{[%clk 0:08:03]} R8c7 {[%clk 0:12:16]} 43. Rxc7 {[%clk 0:07:12]} Rxc7
{[%clk 0:12:38]} 44. h4 {[%clk 0:06:39]} gxh4 {[%clk 0:12:24]} 45. g5
{[%clk 0:06:21]} Rc2 {[%clk 0:11:41]} 46. Rh3 {[%clk 0:04:26]} Rd2
{[%clk 0:11:40]} 47. Rxh4 {[%clk 0:03:59]} Rd3 {[%clk 0:11:53]} 48. Rh3
{[%clk 0:03:48]} Rxd4 {[%clk 0:12:14]} 49. Rc3 {[%clk 0:01:18]} Rg4+
{[%clk 0:11:40]} 50. Kh3 {[%clk 0:01:05]} Rxg5 {[%clk 0:11:50]} 51. f4
{[%clk 0:01:24]} Rg1 {[%clk 0:11:59]} 52. Rc8+ {[%clk 0:01:44]} Kg7
{[%clk 0:12:04]} 53. Ra8 {[%clk 0:02:08]} g5 {[%clk 0:09:19]} 54. Rxa4
{[%clk 0:01:52]} gxf4 {[%clk 0:09:13]} 55. Rxf4 {[%clk 0:02:05]} Rc1
{[%clk 0:08:17]} 56. a4 {[%clk 0:01:45]} Ra1 {[%clk 0:07:35]} 57. Rg4+
{[%clk 0:01:32]} Kf8 {[%clk 0:07:55]} 58. Rb4 {[%clk 0:01:43]} Ke7
{[%clk 0:07:12]} 59. Rb7+ {[%clk 0:01:47]} Ke8 {[%clk 0:07:28]} 60. Ra7
{[%clk 0:02:06]} d4 {[%clk 0:07:24]} 61. Ra6 {[%clk 0:02:05]} d3 {[%clk 0:07:17]}
62. Rd6 {[%clk 0:02:01]} Rxa4 {[%clk 0:06:38]} 63. Rxd3 {[%clk 0:02:10]} Rf4
{[%clk 0:06:56]} 64. Re3 {[%clk 0:02:00]} Kd7 {[%clk 0:06:59]} 65. Kg3
{[%clk 0:02:16]} Rf5 {[%clk 0:07:01]} 66. Kg4 {[%clk 0:00:55]} Kc6
{[%clk 0:07:14]} 67. Re1 {[%clk 0:00:41]} Kd5 {[%clk 0:07:33]} 68. Ra1
{[%clk 0:00:37]} Rxe5 {[%clk 0:07:08]} 69. Ra5+ {[%clk 0:00:44]} Kd6
{[%clk 0:07:29]} 70. Ra7 {[%clk 0:00:56]} Rf5 {[%clk 0:06:08]} 71. Ra8
{[%clk 0:01:07]} Ke7 {[%clk 0:06:23]} 72. Ra7+ {[%clk 0:01:18]} Kf6
{[%clk 0:06:46]} 73. Ra6 {[%clk 0:01:35]} Rf1 {[%clk 0:06:48]} 74. Rb6
{[%clk 0:01:55]} Kg6 {[%clk 0:06:53]} 75. Ra6 {[%clk 0:02:12]} f5+
{[%clk 0:07:10]} 76. Kg3 {[%clk 0:02:34]} Kf6 {[%clk 0:07:28]} 77. Kg2
{[%clk 0:02:54]} Rd1 {[%clk 0:07:19]} 78. Kf3 {[%clk 0:03:12]} Ke5
{[%clk 0:07:38]} 79. Ra5+ {[%clk 0:03:04]} Rd5 {[%clk 0:07:55]} 80. Ra4
{[%clk 0:03:16]} Rd3+ {[%clk 0:08:03]} 81. Ke2 {[%clk 0:03:32]} Rb3
{[%clk 0:08:16]} 82. Kf2 {[%clk 0:03:45]} f4 {[%clk 0:08:25]} 83. Ra5+
{[%clk 0:04:00]} Ke4 {[%clk 0:08:39]} 84. Ra4+ {[%clk 0:04:17]} Kf5
{[%clk 0:09:02]} 85. Ra8 {[%clk 0:04:27]} e5 {[%clk 0:09:07]} 86. Ra5
{[%clk 0:04:23]} Rd3 {[%clk 0:09:06]} 87. Rb5 {[%clk 0:04:39]} Ke4
{[%clk 0:09:12]} 88. Rb4+ {[%clk 0:04:53]} Rd4 {[%clk 0:09:33]} 89. Rb3
{[%clk 0:05:02]} Rd2+ {[%clk 0:09:48]} 90. Ke1 {[%clk 0:05:16]} Rh2
{[%clk 0:08:52]} 91. Kf1 {[%clk 0:04:44]} f3 {[%clk 0:09:01]} 92. Ra3
{[%clk 0:04:47]} Rb2 {[%clk 0:09:13]} 93. Ke1 {[%clk 0:04:40]} Kf4
{[%clk 0:09:34]} 94. Ra8 {[%clk 0:04:41]} e4 {[%clk 0:09:43]} 95. Ra4
{[%clk 0:04:51]} f2+ {[%clk 0:08:12]} 96. Kf1 {[%clk 0:05:02]} Kf3
{[%clk 0:08:24]} 97. Ra3+ {[%clk 0:04:27]} e3 {[%clk 0:08:37]} 1/2-1/2